| 000 | 00919nam a2200301Ia 4500 | ||
|---|---|---|---|
| 005 | 20220317001853.0 | ||
| 008 | 170410s2011 s g 000 f s | ||
| 020 | _a9788427037021 | ||
| 041 | _aspa | ||
| 100 | 1 |
_aMahfuz, Naguib _d1911-2006 |
|
| 245 | 1 | 0 |
_aHijos de nuestro barrio _cNaguib Mahfuz |
| 250 | _aPrimera edición | ||
| 300 |
_a489 páginas _c19 cm |
||
| 490 | _aContemporánea Narrativa | ||
| 534 | _tAwlad harati-na | ||
| 586 | _aPremio Nobel de Literatura 1988 | ||
| 650 | 1 | 4 |
_2LEMB _aNovela egipcia _ySiglo XX |
| 650 | 1 | 4 |
_2LEMB _aLiteratura egipcia _ySiglo XX |
| 650 | 1 | 4 |
_2LEMB _aInfancia en la literatura |
| 650 | 1 | 4 |
_2LEMB _aFamilia en la literatura |
| 942 |
_2loc _cBKLIT |
||
| 264 |
_aMadrid _bAustral _c2011 |
||
| 336 |
_atexto _btxt _2rdacontent |
||
| 337 |
_asin mediación _bn _2rdamedia |
||
| 338 |
_avolumen _bnc _2rdacarrier |
||
| 040 |
_aCO-BoRNBP _bspa _erda _cCO-BoRNBP |
||
| 084 | _aN MAH2 | ||
| 999 |
_c8363 _d8363 |
||